Normal view MARC view

Entry Personal Name

Number of records used in: 1

001 - CONTROL NUMBER

  • control field: 14558

003 - CONTROL NUMBER IDENTIFIER

  • control field: OSt

005 - DATE AND TIME OF LATEST TRANSACTION

  • control field: 20210831164047.0

008 - FIXED-LENGTH DATA ELEMENTS

  • fixed length control field: 210831|| aca||aabn | a|a d

040 ## - CATALOGING SOURCE

  • Original cataloging agency: OSt
  • Transcribing agency: OSt

100 ## - HEADING--PERSONAL NAME

  • Personal name: Borders, Bruce E.
  • Fuller form of name: (Bruce Edward),
  • Dates associated with a name: 1956-

670 ## - SOURCE DATA FOUND

  • Source citation: Work cat.: (OSt)0: Shiver, Barry Dexter,Borders,Bruce E. 1956- 14556, Sampling techniques for forest resource inventory /, c1996.